| 000 | 01778nam a2200409 c 4500 | ||
|---|---|---|---|
| 003 | BLK | ||
| 005 | 20250128005519.0 | ||
| 008 | 180412b bul|||||r ||||||| ||bul|| | ||
| 010 | _aKNG00007831000 | ||
| 020 |
_a954-9786-03-Х _bиздат.: Хеликон - Петър Добрев |
||
| 040 | _aBLK | ||
| 041 |
_aBUL _cBUL |
||
| 080 |
_aВътрешна политика. Вж и 329 _b323 _x(497.2) _z323(497.2) |
||
| 080 |
_aПолитически партии и движения _b329 _x(497.2)БСП _z329(497.2)БСП |
||
| 080 |
_aТрета българска държава (от 1878) _b94(497.2)"1878..." _x _z94(497.2)"1878..." |
||
| 700 | 1 |
_aПърванов, Георги Седефчов _eсъстав. и ред. _9251621 |
|
| 700 | 1 |
_aРусекова, Емилия _eсъстав. _9117682 |
|
| 139 |
_aПърванов, Георги Седефчов _bП 97 |
||
| 245 | 1 | 0 |
_aПреди и след десети _cсъстав. и ред. Георги Седефчов Първанов; състав. Емилия Русекова. |
| 257 | _aBGR | ||
| 260 |
_аСофия _bХеликон - Петър Добрев _c2001 _fСофия : Д. Благоев |
||
| 300 |
_a592 с., 12 л. _bсн. _c22 см |
||
| 380 | _a3 | ||
| 650 | 0 |
_aВътрешна политика - България _9249071 |
|
| 650 | 4 |
_aБСП _9149235 |
|
| 650 | 4 |
_aПартии, социалдемократически - България _9251622 |
|
| 653 | _aБСП | ||
| 653 | _aмакедонски въпрос | ||
| 653 | _aБългария | ||
| 653 | _aвътрешна политика | ||
| 852 | _aЦб 210649 | ||
| 856 | 4 |
_qpdf _u |
|
| 856 | 4 |
_qpdf _u |
|
| 942 |
_cKNG _n0 _02 |
||
| 944 |
_aCR _c11.02.2003 _k _lCRON CRON |
||
| 944 |
_aED _c28.02.2005 _k |
||
| 999 |
_c6582 _d6582 |
||